Lataa...
Literature In English
| Päätekijä: | |
|---|---|
| Aineistotyyppi: | Printed Book |
| Aiheet: |
| LEADER | 00370nam a22001097a 4500 | ||
|---|---|---|---|
| 082 | |a 030 |b OUS/L | ||
| 100 | |a Ousby Ian |9 311834 | ||
| 245 | |a Literature In English | ||
| 650 | |a English; Encylopedia |9 311947 | ||
| 942 | |c BK | ||
| 999 | |c 76208 |d 76208 | ||
| 952 | |0 0 |1 0 |4 0 |6 030_000000000000000_OUS_L |7 0 |8 Ency |9 89494 |a MAL |b MAL |d 2017-04-01 |e GM854 |l 0 |o 030 OUS/L |p MAL0GM854 |r 2017-04-01 |t 1 |w 2017-04-01 |y BK | ||